000 00234nam a22000977a 4500
100 _aRajaram,M.
_980181
245 _aI Sing The Glory of this Land
260 _aNew Delhi
_bRupa Publication
_c2018
650 _aPoetry
_980182
942 _cBK
999 _c63627
_d63627